Quebonafide - Eklektyka - Statystyki

Ogólne statystyki
  • Ten quiz został rozwiązany 6 razy
  • Średni wynik to 8 z 13
Statystyki odpowiedzi
Eklektyka % Poprawnych
Eden Hazard
83%
Manekin
83%
Blockbuster
67%
Lara Croft
67%
Miszmasz freestyle
67%
Rock'n'Roller 2
67%
25 godzina
50%
Avengers
50%
Codzienność
50%
Hossa
50%
Kostka Rubika
50%
Open Bar
50%
Polis
50%
Nie znaleziono quizów pasujących do podanych kryteriów
Rozkład punktacji
Procent ludzi z każdym wynikiem
Percentyl według liczby udzielonych odpowiedzi
Twoja historia wyników
Nie rozwiązałeś tego quizu